Türkiye ile Avrupa Birliği arasında tamamlanması öngörülen Gümrük Birliği kararı ışığında YEDAŞ davası (Record no. 5527)

MARC details
000 -BAŞLIK
Sabit Uzunlukta Kontrol Alanı 00887na a2200265 4500
001 - KONTROL NUMARASI
Denetim Alanı 19809
003 - KONTROL NUMARASI IDENTIFIER
Denetim Alanı MIRAKIL
005 - SON İŞLEM TARİHİ VE ZAMANI
Denetim Alanı 20181213155039.0
008 - SABİT-BOY VERİ ELEMANLARI - GENEL BİLGİLER
Sabit Uzunlukta Kontrol Alanı 161227b tu 000 0
020 ## - ULUSLARARASI STANDART KİTAP NUMARASI
Uluslararası Standart Kitap Numarası 9789944604765
040 ## - KATALOGLAMA KAYNAK
Orijinal Kataloglama Ajansı Milas
Kataloglama Dili tur
Metne Dönüştürmek Ajansı TR-AnCHP
041 ## - DİL KODU
Metin / Ses Parça Veya Ayrı Başlığın Dil Kodu tur
082 ## - DEWEY ONLU SINIFLANDIRMA NUMARASI
Sınıflandırma Numarası 341.242
Ürün Numarası S26 2009
090 ## - SINIFLAMA NUMARASI
Sınıflama Numarası 341.242 S26 2009
100 ## - ANA GİRİŞ - KİŞİSEL İSİM
Kişisel Ad Sarıibrahimoğlu, Y. Selim
245 ## - BAŞLIK TABLOSU
Başlık Türkiye ile Avrupa Birliği arasında tamamlanması öngörülen Gümrük Birliği kararı ışığında YEDAŞ davası
Sorumluluk Tablosu, Vb Y. Selim Sarıibrahimoğlu ; tez danışmanı Gökçen Alpkaya
260 ## - YAYIN, DAĞITIM, VB
Yayın, Dağıtım, Vb Yeri Ankara
Yayıncı, Dağıtıcı, Vs Adı Ankara Üniversitesi Sosyal Bilimler Enstitüsü
Yayın, Dağıtım, Vb Tarihi 2009
300 ## - FİZİKSEL TANIM
Kapsam 180 s.
Boyutlar 24 sm.
500 ## - GENEL NOT
Genel Not Kaynakça var.
502 ## - TEZLER NOT
Tez Notu Doktora Tezi
610 ## - KONU KATMA GİRİŞ - TOPLANTI ADI
Giriş Elemanı Olarak Kurumsal Ad Veya Yargı Alanı Adı YEDAŞ
610 ## - KONU KATMA GİRİŞ - TOPLANTI ADI
Giriş Elemanı Olarak Kurumsal Ad Veya Yargı Alanı Adı Avrupa Birliği
Genel Alt Bölüm Gümrük Birliği
Coğrafi Alt Bölüm Türkiye
700 ## - KATMA GİRİŞ - KİŞİSEL İSİM
Kişisel Ad Alpkaya, Gökçen
942 ## - EKLENDİ GİRİŞ ELEMANLARI (KOHA)
Sınıflandırma Veya Raf Düzeni Kaynak Dewey Decimal Classification
Koha Öğesi Türü Books
999 ## - SİSTEM KONTROL NUMARALARI (KOHA)
Koha Biblionumber 5527
Koha Biblioitemnumber 5527
Holdings
Kalıcı Konum Mevcut Konum Edinme Tarihi Edinim Kaynak Toplam Check-Out'Lar Tam Çağrı Numarası Barkod Tarih Son Görülme İtibaren Geçerli Fiyatlar Koha Öğesi Türü
CHP Kütüphanesi CHP Kütüphanesi 12/27/2016 Bağış   341.242 S26 2009 010851 12/27/2016 12/27/2016 Books